00693nam a2200217 i 450000500170000000800410001701000170005802000260007503500170010103700280011804000170014608200120016310000250017524500690020026000550026927000530032430000330037750000190041065100260042970000200045520100105101852.0760910s1975 enkabcf b 001 0 eng  aB-361886-915 a9788125931645c425.00 aB-361886-915 bVikas Publishing House  adplbEnglish a954.085 aLapierre, Dominique  aFreedom at midnight /cby Dominique Lapierre [and] Larry Collins aNew Delhi bVikas Publishing House c2009(repr.).  a576, Masjid Road, Jangpura, bNew Delhi e110014 alx, 774p. bmapsc23cm(pbk)  aIncludes index aIndiaxHistoryy1947- aCollins, Larry